000 00742nam a2200289Ia 4500
001 Z_2954
003 CHAP
008 220113s1991 xx 000 0 und d
010 _a166037
040 _cCHAP
082 _a636.4 V4
100 _aVerstegen, M. W. A.
_9118963
245 _aDigestive physiology in pigs /
_cby M. W. A. Verstegen, J. Huisman and L. A. Harlog
260 _aWageningen :
_bPUDOC,
_c1991
300 _a481 p.
440 _a
500 _a
503 _a169278
650 _aDigestión I. Huisman, J. II. Hartog, L. A. III. t.
_9140084
650 _aGanado porcino
_xanatomía y fisiología
_945332
901 _a636.4 V4
902 _aA
910 _a1991
942 _c1
942 _cc1
999 _c166037
_d166037